दिनकर के काव्य में इतिहास एवं राजनीति/ (Record no. 211603)

MARC details
000 -LEADER
fixed length control field 00898nam a22001817a 4500
005 - DATE AND TIME OF LATEST TRANSACTION
control field 20250605111809.0
010 ## - LCCN (DPL NO)
LC control number HIN-129786
020 ## - INTERNATIONAL STANDARD BOOK NUMBER
International Standard Book Number 9789382482055
Terms of availability 395.00
035 ## - SYSTEM CONTROL NUMBER
System control number HN-102132
037 ## - SOURCE OF ACQUISITION
Source of stock number/acquisition DBAD
082 ## - DEWEY DECIMAL CLASSIFICATION NUMBER
Classification number 820.8
100 ## - MAIN ENTRY--PERSONAL NAME
Personal name रॉय, सुभाष चन्द्र
245 ## - TITLE STATEMENT
Title दिनकर के काव्य में इतिहास एवं राजनीति/
Statement of responsibility, etc सुभाष चन्द्र रॉय
260 ## - PUBLICATION, DISTRIBUTION, ETC. (IMPRINT)
Place of publication, distribution, etc दिल्ली
Name of publisher, distributor, etc गौरव बुक डिस्ट्रीब्यूटर
270 ## - ADDRESS
Address माकन नंबर 45, ग्राउंड फ्लोर , शिवाजी मार्ग, गली नंबर 5 करतार नगर
City दिल्ली
Postal code 110053
300 ## - PHYSICAL DESCRIPTION
Extent 144पृ.
Dimensions 22 सेमी (सजिल्द )
942 ## - ADDED ENTRY ELEMENTS (KOHA)
Source of classification or shelving scheme Dewey Decimal Classification
Item type Hindi Books
Classification part 820.8
Call number suffix रॉयसु
Edition 1
Holdings
Withdrawn status Lost status Not for loan Collection code Home library Current library Date acquired Source of acquisition Cost, normal purchase price Full call number Barcode Copy number Cost, replacement price Koha item type
      Non-fiction Mobile Library Mobile Library 05/06/2025 DBAD 395.00 820.8 रॉयसु HN-102132 1 395.00 Hindi Books

© Delhi Public Library
Hit Counter
free hit counter